00000000nam##2200000za#4500
0019.587710
003CaOODSP
00520210624194751
007cr |||||||||||
008150406|2007||||xxc|||||o    f|0| 0 fre|d
022 |a1701-1280
040 |aCaOODSP|bfre
041 |aeng
041 |afre
043 |an-cn---
0861 |aFs70-4/2007-029-PDF
1101 |aCanada. |bMinistère des pêches et des océans.
24510|aCompte rendu de l'examen par les pairs des stocks de poisson de fond du sud du golfe du Saint-Laurent, Région du Golfe : |h[ressource électronique]|bdu 21 au 23 février 2006, Centre des pêches du Golfe, Moncton (Nouveau-Brunswick) / |c[par] David Cairns.
260 |aOttawa - Ontario : |bPêches et Océans Canada |cSeptembre 2007.
300 |a43p.|btableaux
4901 |aSecrétariat canadien de consultation scientifique, série des comptes rendus|x1701-1280|v2007/029
590 |a11-32-Supp|b2011-12-20
7201 |aCairns, David
791 |tProceedings of the peer review for the Southern Gulf of St. Lawrence groundfish stocks, Gulf region : |eeng|w(CaOODSP)9.587709
830#0|aCompte rendu (Secrétariat canadien de consultation scientifique)|x1701-1280|v2007/029|w(CaOODSP)9.500508
85640|ahttp://publications.gc.ca|qPDF|s277 Ko|uhttps://publications.gc.ca/collections/collection_2011/mpo-dfo/Fs70-4-2007-029.pdf|y2007/029